000 00327nam a2200133Ia 4500
005 20260328104338.0
008 260328s9999||||xx |||||||||||||| ||und||
100 _aRudofsky, Bernard
245 4 _aThe Prodigious Builders /
_cBernard Rudofsky
260 _bHarcourt
300 _a383 p.
650 _aARQUITECTURA
942 _cBK
999 _c12004
_d12004